<?xml version="1.0" encoding="UTF-8"?>
<record
    xmlns:xsi="http://www.w3.org/2001/XMLSchema-instance"
    xsi:schemaLocation="http://www.loc.gov/MARC21/slim http://www.loc.gov/standards/marcxml/schema/MARC21slim.xsd"
    xmlns="http://www.loc.gov/MARC21/slim">

  <leader>01858nam a2200385 a 4500</leader>
  <controlfield tag="003">Mxchpua</controlfield>
  <controlfield tag="005">20240524173918.0</controlfield>
  <controlfield tag="007">ta</controlfield>
  <controlfield tag="008">240524s2022    mx abdefs|||| 001 0 spa d</controlfield>
  <datafield tag="040" ind1=" " ind2=" ">
    <subfield code="a">mxchpua</subfield>
  </datafield>
  <datafield tag="090" ind1=" " ind2=" ">
    <subfield code="a">T.C.899</subfield>
    <subfield code="b">S26 EIUPA</subfield>
    <subfield code="c">2022</subfield>
  </datafield>
  <datafield tag="245" ind1="1" ind2="0">
    <subfield code="a">Situaci&#xF3;n actual de la empresa Sociedad Cooperativa Lado Obreras de Bacalar, S.C. de R.L. de C.V. /</subfield>
    <subfield code="c">coordinadora Ofelia Sandoval Castilla ; colaboradores Gilberto Salvador Cruz Alba...[y otros]</subfield>
  </datafield>
  <datafield tag="260" ind1=" " ind2=" ">
    <subfield code="a">M&#xE9;xico :</subfield>
    <subfield code="b">El autor,</subfield>
    <subfield code="c">2022</subfield>
  </datafield>
  <datafield tag="300" ind1=" " ind2=" ">
    <subfield code="a">1 recurso enl&#xED;nea (138 p&#xE1;ginas) :</subfield>
    <subfield code="b">ilustraciones, mapas, gr&#xE1;ficas, diagramas, tablas, fotos, planos</subfield>
  </datafield>
  <datafield tag="336" ind1=" " ind2=" ">
    <subfield code="2">rdacontent</subfield>
    <subfield code="a">texto</subfield>
    <subfield code="b">txt</subfield>
  </datafield>
  <datafield tag="337" ind1=" " ind2=" ">
    <subfield code="2">rdamedia</subfield>
    <subfield code="a">computadora</subfield>
    <subfield code="b">c</subfield>
  </datafield>
  <datafield tag="338" ind1=" " ind2=" ">
    <subfield code="2">rdacarrier</subfield>
    <subfield code="a">recurso en l&#xED;nea</subfield>
    <subfield code="b">cr</subfield>
  </datafield>
  <datafield tag="500" ind1=" " ind2=" ">
    <subfield code="a">Grado 7&#xB0; Grupo 2 --
Los planos est&#xE1;n incluidos en el reporte</subfield>
  </datafield>
  <datafield tag="502" ind1=" " ind2=" ">
    <subfield code="a">Vijae de Estudios</subfield>
    <subfield code="b">(EIUPA) --</subfield>
    <subfield code="c">UACh. Departamento de Ingenier&#xED;a Agroindustrial,</subfield>
    <subfield code="d">2022</subfield>
  </datafield>
  <datafield tag="504" ind1=" " ind2=" ">
    <subfield code="a">Bibliograf&#xED;a: p&#xE1;ginas 113-114</subfield>
  </datafield>
  <datafield tag="505" ind1="0" ind2=" ">
    <subfield code="a">6 planos: --
1. Plano de &#xE1;reas --
2. Plano de distribuci&#xF3;n de equipos --
3. Diagrama de flujo de proceso --
4. Diagrama de recorrido --
5. DTI --
6. Diagrama unifilar</subfield>
  </datafield>
  <datafield tag="650" ind1="1" ind2="3">
    <subfield code="9">154290</subfield>
    <subfield code="a">Cocos (fruto)  </subfield>
    <subfield code="x">Industria y comercio</subfield>
    <subfield code="z">M&#xE9;xico</subfield>
    <subfield code="z">Quintana Roo</subfield>
  </datafield>
  <datafield tag="650" ind1="1" ind2="3">
    <subfield code="9">148327</subfield>
    <subfield code="a">Productos derivados del coco  </subfield>
  </datafield>
  <datafield tag="650" ind1="1" ind2="7">
    <subfield code="9">2411</subfield>
    <subfield code="a">Agua de coco</subfield>
  </datafield>
  <datafield tag="650" ind1="1" ind2="3">
    <subfield code="9">163557</subfield>
    <subfield code="a">Leche de coco  </subfield>
  </datafield>
  <datafield tag="650" ind1="1" ind2="7">
    <subfield code="9">427</subfield>
    <subfield code="a">Aceite de coco</subfield>
  </datafield>
  <datafield tag="650" ind1="1" ind2="3">
    <subfield code="9">152640</subfield>
    <subfield code="a">Coconuts</subfield>
    <subfield code="x">Industry and trade</subfield>
    <subfield code="z">Mexico</subfield>
    <subfield code="z">Quintana Roo</subfield>
  </datafield>
  <datafield tag="650" ind1="1" ind2="3">
    <subfield code="9">148324</subfield>
    <subfield code="a">Coconut products</subfield>
  </datafield>
  <datafield tag="650" ind1="1" ind2="3">
    <subfield code="9">187523</subfield>
    <subfield code="a">Coconut water</subfield>
  </datafield>
  <datafield tag="650" ind1="1" ind2="3">
    <subfield code="9">163555</subfield>
    <subfield code="a">Coconut milk  </subfield>
  </datafield>
  <datafield tag="650" ind1="1" ind2="3">
    <subfield code="9">161693</subfield>
    <subfield code="a">Coconut oil</subfield>
  </datafield>
  <datafield tag="700" ind1="1" ind2=" ">
    <subfield code="9">151810</subfield>
    <subfield code="a">Sandoval Castilla, Ofelia</subfield>
    <subfield code="e">coordinadora</subfield>
  </datafield>
  <datafield tag="700" ind1="1" ind2=" ">
    <subfield code="9">189122</subfield>
    <subfield code="a">Cruz Alba, Gilberto Salvador</subfield>
  </datafield>
  <datafield tag="856" ind1="4" ind2="0">
    <subfield code="u">http://10.13.5.2/ve/TC899_EIUPA/TC899_EIUPA_2022-REPORTE.pdf</subfield>
    <subfield code="y">DESCARGAR REPORTE</subfield>
  </datafield>
  <datafield tag="999" ind1=" " ind2=" ">
    <subfield code="c">219932</subfield>
    <subfield code="d">219932</subfield>
  </datafield>
  <datafield tag="952" ind1=" " ind2=" ">
    <subfield code="0">0</subfield>
    <subfield code="1">0</subfield>
    <subfield code="2">local</subfield>
    <subfield code="4">0</subfield>
    <subfield code="7">0</subfield>
    <subfield code="8">VEE</subfield>
    <subfield code="a">IA_</subfield>
    <subfield code="b">IA_</subfield>
    <subfield code="c">E_L</subfield>
    <subfield code="d">2024-05-24</subfield>
    <subfield code="e">El autor</subfield>
    <subfield code="l">0</subfield>
    <subfield code="o">T.C.899 S26 EIUPA 2022</subfield>
    <subfield code="p">1206015748</subfield>
    <subfield code="r">2024-05-24 00:00:00</subfield>
    <subfield code="w">2024-05-24</subfield>
    <subfield code="y">VEE</subfield>
  </datafield>
</record>
